[Event "Burjassot U2200 op 7th"]
[Site "Burjassot"]
[Date "2019.10.04"]
[Round "4"]
[White "Parra Munoz, Juan Enrique"]
[Black "Mora Bort, Miguel Angel"]
[Result "0-1"]
[WhiteElo "1139"]
[BlackElo "1351"]
[PlyCount "114"]
[EventDate "2019.09.06"]
[EventType "swiss"]
[EventRounds "7"]
[EventCountry "ESP"]
[SourceTitle "EXT 2024"]
[Source "ChessBase"]
[SourceDate "2023.10.10"]
[SourceVersion "1"]
[SourceVersionDate "2023.10.10"]
[SourceQuality "1"]

1. e4 e6 2. Nf3 d5 3. e5 c5 4. c3 Nc6 5. d4 Qb6 6. b3 cxd4 7. cxd4 Bb4+ 8. Bd2 Nxd4 9. Bxb4 Nxf3+ 10. Qxf3 Qxb4+ 11. Nd2 Ne7 12. Qe3 Nf5 13. Qd3 Bd7 14. Be2 Qd4 15. Qxd4 Nxd4 16. Bd1 Rc8 17. 0-0 Bb5 18. Re1 0-0 19. Nf3 Nxf3+ 20. Bxf3 Rc2 21. a4 Ba6 22. b4 Bc4 23. Reb1 Rc8 24. Bd1 Ra2 25. Rxa2 Bxa2 26. Ra1 Bc4 27. f4 Bd3 28. Kf2 Rc4 29. Ke3 Be4 30. b5 Bxg2 31. Be2 Rc5 32. Kd4 Rc8 33. a5 Kf8 34. Bd3 h6 35. a6 b6 36. Rg1 Bf3 37. Rf1 Bh5 38. Rg1 g6 39. h4 Ke7 40. Rg3 Rc1 41. Rg2 Rd1 42. Rc2 Kd7 43. Rc6 Be2 44. Rc3 Bxd3 45. Rxd3 Rb1 46. f5 Rxb5 47. fxg6 fxg6 48. Rg3 Rb4+ 49. Kc3 Rxh4 50. Rxg6 Rc4+ 51. Kd3 Rc7 52. Rxh6 Ke7 53. Rh7+ Kd8 54. Rh8+ Kd7 55. Rh7+ Kc6 56. Rh6 Re7 57. Rh4 Kb5 0-1